[Event "80. Francia ch"]
[Site "Chartres FRA"]
[Date "2005.08.19"]
[Round "5.2"]
[White "Vaisser, Anatoly"]
[Black "Fressinet, Laurent"]
[Result "1/2-1/2"]
[WhiteElo "2576"]
[BlackElo "2627"]
[PlyCount "86"]
[EventDate "2005.08.15"]
[EventType "tourn"]
[EventRounds "11"]
[EventCountry "FRA"]
[EventCategory "13"]
[Source "lmi"]
[SourceDate "2005.08.28"]

1. d4 d5 2. c4 c6 3. cxd5 cxd5 4. Nc3 Nf6 5. Bf4 Nc6 6. e3 Bf5 7. f3 e6 8. g4
Bg6 9. h4 h5 10. g5 Nd7 11. Nh3 Bb4 12. Rc1 O-O 13. a3 Bxc3+ 14. Rxc3 e5 15.
dxe5 Ndxe5 16. Bxe5 Nxe5 17. Be2 Nc6 18. Rc5 Qe7 19. Rxd5 Qxe3 20. Qd2 Qb6 21.
Nf4 Rad8 22. Kf1 Nd4 23. Qb4 Qxb4 24. axb4 Rxd5 25. Nxd5 Re8 26. Bd1 Rd8 27.
Ne7+ Kf8 28. Nxg6+ fxg6 29. Ke1 Nf5 30. Rh2 Rd4 31. b5 Rxh4 32. Rxh4 Nxh4 33.
Kf2 Nf5 34. Bc2 Ke7 35. Be4 Kd6 36. f4 Kc7 37. b4 Kb6 38. Bd3 h4 39. Kg2 Ne3+
40. Kf3 Nd5 41. Bxg6 h3 42. Be4 Nc3 43. Bd3 h2 1/2-1/2

[Event "80. Francia ch"]
[Site "Chartres FRA"]
[Date "2005.08.19"]
[Round "5.3"]
[White "Sokolov, Andrei"]
[Black "Apicella, Manuel"]
[Result "1/2-1/2"]
[WhiteElo "2603"]
[BlackElo "2553"]
[PlyCount "84"]
[EventDate "2005.08.15"]
[EventType "tourn"]
[EventRounds "11"]
[EventCountry "FRA"]
[EventCategory "13"]
[Source "lmi"]
[SourceDate "2005.08.28"]

1. e4 e6 2. d4 d5 3. Nc3 Bb4 4. e5 Ne7 5. a3 Bxc3+ 6. bxc3 c5 7. Qg4 O-O 8. Bd3
Nbc6 9. Qh5 Ng6 10. Nf3 Qc7 11. Be3 c4 12. Bxg6 fxg6 13. Qg4 Qf7 14. h4 h6 15.
Ng1 Bd7 16. h5 g5 17. Nh3 Qf5 18. Qe2 b5 19. f3 a5 20. O-O b4 21. g4 Qh7 22.
Rf2 b3 23. cxb3 cxb3 24. a4 Ne7 25. Bc1 g6 26. f4 gxh5 27. Ba3 hxg4 28. Qxg4
Kh8 29. Nxg5 Rg8 30. Rh2 Nf5 31. Kf2 Rab8 32. Rah1 b2 33. Nf7+ Qxf7 34. Rxh6+
Nxh6 35. Rxh6+ Qh7 36. Rxh7+ Kxh7 37. Qh5+ Kg7 38. Qg5+ Kh7 39. Qh5+ Kg7 40. f5
exf5 41. Qg5+ Kh7 42. Qh5+ Kg7 1/2-1/2

[Event "80. Francia ch"]
[Site "Chartres FRA"]
[Date "2005.08.19"]
[Round "5.4"]
[White "Fontaine, Robert"]
[Black "Kosten, Anthony C"]
[Result "1-0"]
[WhiteElo "2526"]
[BlackElo "2522"]
[PlyCount "79"]
[EventDate "2005.08.15"]
[EventType "tourn"]
[EventRounds "11"]
[EventCountry "FRA"]
[EventCategory "13"]
[Source "lmi"]
[SourceDate "2005.08.28"]

1. d4 Nf6 2. c4 e6 3. Nc3 Bb4 4. Nf3 b6 5. Bg5 Bb7 6. e3 h6 7. Bh4 Bxc3+ 8.
bxc3 d6 9. Nd2 g5 10. Bg3 Nbd7 11. h4 Rg8 12. hxg5 hxg5 13. Qa4 a6 14. f3 Ke7
15. Bd3 Rh8 16. O-O-O b5 17. Qa3 Rxh1 18. Rxh1 c5 19. Nb3 Qb6 20. e4 e5 21.
dxc5 dxc5 22. Bf2 Rc8 23. g4 Ne8 24. Be3 b4 25. Qa5 Qd6 26. Be2 Ng7 27. cxb4
Ne6 28. bxc5 Qb8 29. Qd2 Nf4 30. Rh6 Rc6 31. Rxc6 Bxc6 32. Qd6+ Qxd6 33. cxd6+
Kxd6 34. c5+ Kc7 35. Bxa6 Nf8 36. Bc4 N8g6 37. Bxf7 Nh4 38. Bxf4 exf4 39. Nd4
Kd7 40. Bd5 1-0

[Event "80. Francia ch"]
[Site "Chartres FRA"]
[Date "2005.08.19"]
[Round "5.5"]
[White "Bagheri, Amir"]
[Black "Marzolo, Cyril"]
[Result "1-0"]
[WhiteElo "2537"]
[BlackElo "2388"]
[PlyCount "85"]
[EventDate "2005.08.15"]
[EventType "tourn"]
[EventRounds "11"]
[EventCountry "FRA"]
[EventCategory "13"]
[Source "lmi"]
[SourceDate "2005.08.28"]

1. d4 Nf6 2. Nf3 g6 3. c4 Bg7 4. g3 O-O 5. Bg2 c6 6. O-O d5 7. cxd5 cxd5 8. Nc3
Ne4 9. Ne5 Nxc3 10. bxc3 Nd7 11. Nxd7 Qxd7 12. Qb3 Rd8 13. e4 dxe4 14. Bxe4 e5
15. d5 b6 16. Bg5 Re8 17. d6 Bb7 18. Bxb7 Qxb7 19. Rfd1 Qd7 20. a4 h6 21. Be7
Bf8 22. Bxf8 Kxf8 23. c4 Rac8 24. a5 Rc6 25. axb6 axb6 26. Qb5 Re6 27. c5 bxc5
28. Ra6 Rexd6 29. Rxd6 Rxd6 30. Qxc5 Ke7 31. Ra7 Qxa7 32. Qxa7+ Ke6 33. Qa2+
Kf6 34. Kg2 h5 35. Qb2 Kf5 36. Qb8 Ke6 37. Qe8+ Kf6 38. Kf3 Rd3+ 39. Ke4 Rd4+
40. Ke3 Rd6 41. f3 Re6 42. Qh8+ Ke7 43. Ke4 1-0

[Event "80. Francia ch"]
[Site "Chartres FRA"]
[Date "2005.08.20"]
[Round "6.1"]
[White "Vachier-Lagrave, Maxime"]
[Black "Sokolov, Andrei"]
[Result "1/2-1/2"]
[WhiteElo "2527"]
[BlackElo "2603"]
[PlyCount "27"]
[EventDate "2005.08.15"]
[EventType "tourn"]
[EventRounds "11"]
[EventCountry "FRA"]
[EventCategory "13"]
[Source "lmi"]
[SourceDate "2005.08.28"]

1. e4 c5 2. Nf3 e6 3. d4 cxd4 4. Nxd4 Nc6 5. Nc3 d6 6. g4 h6 7. Be3 Bd7 8. Qd2
Nxd4 9. Qxd4 Ne7 10. Nb5 Bxb5 11. Bxb5+ Nc6 12. Qc3 Rc8 13. Bxa7 Qg5 14. Qd3
1/2-1/2

[Event "80. Francia ch"]
[Site "Chartres FRA"]
[Date "2005.08.20"]
[Round "6.2"]
[White "Marzolo, Cyril"]
[Black "Degraeve, Jean-Marc"]
[Result "1/2-1/2"]
[WhiteElo "2388"]
[BlackElo "2546"]
[PlyCount "55"]
[EventDate "2005.08.15"]
[EventType "tourn"]
[EventRounds "11"]
[EventCountry "FRA"]
[EventCategory "13"]
[Source "lmi"]
[SourceDate "2005.08.28"]

1. Nf3 c5 2. e4 Nc6 3. Bb5 d6 4. d4 cxd4 5. Qxd4 Bd7 6. Bxc6 Bxc6 7. Nc3 Nf6 8.
Bg5 e6 9. O-O-O Be7 10. Rhe1 O-O 11. e5 dxe5 12. Qh4 Qc7 13. Nxe5 Rfd8 14. Ng4
Nxg4 15. Qxg4 Bxg5+ 16. Qxg5 h6 17. Qh4 Rxd1+ 18. Rxd1 Qe5 19. f3 Kh7 20. Re1
Qc7 21. Qg3 Qxg3 22. hxg3 g5 23. Kd2 g4 24. Ke3 Rg8 25. Ne4 Kg6 26. Rd1 Rc8 27.
Nd6 Rg8 28. Rd4 1/2-1/2

[Event "80. Francia ch"]
[Site "Chartres FRA"]
[Date "2005.08.20"]
[Round "6.3"]
[White "Kosten, Anthony C"]
[Black "Lautier, Joel"]
[Result "0-1"]
[WhiteElo "2522"]
[BlackElo "2672"]
[PlyCount "76"]
[EventDate "2005.08.15"]
[EventType "tourn"]
[EventRounds "11"]
[EventCountry "FRA"]
[EventCategory "13"]
[Source "lmi"]
[SourceDate "2005.08.28"]

1. c4 e6 2. Nf3 d5 3. g3 dxc4 4. Qa4+ Nd7 5. Bg2 a6 6. Qxc4 b5 7. Qc2 Bb7 8.
O-O c5 9. b3 Ngf6 10. Bb2 Be7 11. d3 O-O 12. Nbd2 Nd5 13. a3 Qb8 14. Rac1 a5
15. d4 Rc8 16. Qb1 b4 17. dxc5 Nxc5 18. Be5 Qa7 19. a4 Bf6 20. Bxf6 Nxf6 21.
Qb2 Nd5 22. Nb1 Ne4 23. Nd4 Ndc3 24. e3 Nxb1 25. Nb5 Qb6 26. Rxb1 h6 27. Rbc1
Rxc1 28. Rxc1 Rd8 29. Qe5 Nd2 30. Nd4 Bxg2 31. Kxg2 Qb7+ 32. Kh3 Rd5 33. Rc7
Qa6 34. Qf4 Qf1+ 35. Kg4 h5+ 36. Kh4 g5+ 37. Qxg5+ Rxg5 38. Kxg5 Qxf2 0-1

[Event "80. Francia ch"]
[Site "Chartres FRA"]
[Date "2005.08.20"]
[Round "6.4"]
[White "Fressinet, Laurent"]
[Black "Fontaine, Robert"]
[Result "0-1"]
[WhiteElo "2627"]
[BlackElo "2526"]
[PlyCount "66"]
[EventDate "2005.08.15"]
[EventType "tourn"]
[EventRounds "11"]
[EventCountry "FRA"]
[EventCategory "13"]
[Source "lmi"]
[SourceDate "2005.08.28"]

1. e4 e5 2. Nf3 Nc6 3. Bb5 Nd4 4. Nxd4 exd4 5. O-O Bc5 6. d3 c6 7. Ba4 d6 8. f4
f5 9. Bb3 Ne7 10. Nd2 Kd7 11. Kh1 Kc7 12. c3 Ng6 13. cxd4 Bxd4 14. Nf3 Bb6 15.
Bd2 fxe4 16. dxe4 Bg4 17. Qc2 Bxf3 18. Rxf3 Qe7 19. Rd1 Rad8 20. Rg3 Rde8 21.
Bb4 Bc5 22. Bc3 Qxe4 23. f5 Qh4 24. Bxg7 Ne5 25. Qe2 h5 26. Bxh8 Rxh8 27. Rg7+
Kb6 28. Rf1 Ng4 29. g3 Qf6 30. Qe7 Qxb2 31. Qc7+ Kb5 32. a4+ Kb4 33. Qxb7+ Bb6
0-1

[Event "80. Francia ch"]
[Site "Chartres FRA"]
[Date "2005.08.20"]
[Round "6.5"]
[White "Apicella, Manuel"]
[Black "Vaisser, Anatoly"]
[Result "1/2-1/2"]
[WhiteElo "2553"]
[BlackElo "2576"]
[PlyCount "50"]
[EventDate "2005.08.15"]
[EventType "tourn"]
[EventRounds "11"]
[EventCountry "FRA"]
[EventCategory "13"]
[Source "lmi"]
[SourceDate "2005.08.28"]

1. e4 e6 2. d4 d5 3. Nc3 dxe4 4. Nxe4 Nd7 5. g3 Ngf6 6. Nxf6+ Nxf6 7. Bg2 e5 8.
Qe2 Qxd4 9. Nf3 Qd5 10. O-O Bd6 11. Re1 Bg4 12. Nxe5 Bxe2 13. Bxd5 Nxd5 14.
Rxe2 O-O 15. Nc4 Bc5 16. Na5 b6 17. Nb3 Bd6 18. Bd2 Rfe8 19. Rae1 Rxe2 20. Rxe2
Kf8 21. c4 Ne7 22. c5 bxc5 23. Be3 c4 24. Nd2 c3 25. bxc3 Nd5 1/2-1/2

[Event "80. Francia ch"]
[Site "Chartres FRA"]
[Date "2005.08.20"]
[Round "6.6"]
[White "Bagheri, Amir"]
[Black "Bauer, Christian"]
[Result "1-0"]
[WhiteElo "2537"]
[BlackElo "2641"]
[PlyCount "103"]
[EventDate "2005.08.15"]
[EventType "tourn"]
[EventRounds "11"]
[EventCountry "FRA"]
[EventCategory "13"]
[Source "lmi"]
[SourceDate "2005.08.28"]

1. d4 Nf6 2. Nf3 d6 3. Nbd2 Bf5 4. e3 Nc6 5. Bb5 a6 6. Bxc6+ bxc6 7. O-O e6 8.
Re1 Be7 9. e4 Bg6 10. b3 O-O 11. Ba3 a5 12. c4 Nd7 13. Rc1 Re8 14. Bb2 Qb8 15.
a4 Qb7 16. Bc3 h6 17. Re3 Bf6 18. c5 dxc5 19. dxc5 e5 20. Nc4 Nxc5 21. Nxa5 Qb6
22. Qc2 Nxe4 23. Nc4 Qb8 24. Rxe4 Bxe4 25. Qxe4 Qxb3 26. a5 Rad8 27. h4 Rd1+
28. Rxd1 Qxd1+ 29. Kh2 Qd5 30. Nfd2 h5 31. g3 Qc5 32. Kg2 Qd5 33. Ne3 Qc5 34.
Qc4 Qb5 35. Ne4 Qxc4 36. Nxc4 Be7 37. Nxe5 Bf8 38. Kf3 Rb8 39. Nxc6 Rb3 40. a6
Ra3 41. a7 Ra6 42. Ba5 f6 43. Bxc7 f5 44. Nd6 g6 45. Nb5 Bc5 46. Ba5 Kf7 47.
Ke2 Kg8 48. Bd2 Kf7 49. Nc7 Rxa7 50. Nxa7 Bxa7 51. Be3 Bb8 52. Nb5 1-0

[Event "80. Francia ch"]
[Site "Chartres FRA"]
[Date "2005.08.21"]
[Round "7.2"]
[White "Bauer, Christian"]
[Black "Marzolo, Cyril"]
[Result "0-1"]
[WhiteElo "2641"]
[BlackElo "2388"]
[PlyCount "90"]
[EventDate "2005.08.15"]
[EventType "tourn"]
[EventRounds "11"]
[EventCountry "FRA"]
[EventCategory "13"]
[Source "lmi"]
[SourceDate "2005.08.28"]

1. e4 e6 2. d4 d5 3. Nd2 a6 4. Ngf3 Nf6 5. e5 Nfd7 6. c3 c5 7. a3 Nc6 8. b4
cxd4 9. cxd4 b5 10. Nb3 Be7 11. Bd3 Bb7 12. h4 a5 13. Nc5 Nxc5 14. bxc5 b4 15.
Bd2 bxa3 16. Qa4 Qd7 17. Bb5 O-O 18. O-O Rfc8 19. Rxa3 Ba6 20. Bxa6 Rxa6 21.
Rb1 Raa8 22. g3 Rab8 23. Rab3 Rxb3 24. Rxb3 Bd8 25. Bg5 Bc7 26. Ra3 Rb8 27. Kg2
Rb4 28. Qd1 Qc8 29. Bd2 Rb8 30. h5 h6 31. Qc1 Qb7 32. Bxh6 gxh6 33. Qxh6 Qb1
34. Qg5+ Kf8 35. Qh6+ Kg8 36. Qg5+ Kf8 37. Nh4 Bd8 38. Qh6+ Ke8 39. Nf3 Qf5 40.
Qh8+ Kd7 41. Qh6 Be7 42. Ra1 Rb3 43. Nd2 Rb2 44. Qe3 Bg5 45. f4 Bh6 0-1

[Event "80. Francia ch"]
[Site "Chartres FRA"]
[Date "2005.08.21"]
[Round "7.3"]
[White "Sokolov, Andrei"]
[Black "Bagheri, Amir"]
[Result "1/2-1/2"]
[WhiteElo "2603"]
[BlackElo "2537"]
[PlyCount "28"]
[EventDate "2005.08.15"]
[EventType "tourn"]
[EventRounds "11"]
[EventCountry "FRA"]
[EventCategory "13"]
[Source "lmi"]
[SourceDate "2005.08.28"]

1. e4 c6 2. d4 d5 3. exd5 cxd5 4. c4 Nf6 5. Nc3 e6 6. Nf3 Be7 7. cxd5 Nxd5 8.
Bc4 Nxc3 9. bxc3 Qc7 10. Qe2 O-O 11. O-O Nd7 12. Bd2 b6 13. Rfe1 Bd6 14. h3 Bb7
1/2-1/2

[Event "80. Francia ch"]
[Site "Chartres FRA"]
[Date "2005.08.21"]
[Round "7.4"]
[White "Fontaine, Robert"]
[Black "Apicella, Manuel"]
[Result "1/2-1/2"]
[WhiteElo "2526"]
[BlackElo "2553"]
[PlyCount "59"]
[EventDate "2005.08.15"]
[EventType "tourn"]
[EventRounds "11"]
[EventCountry "FRA"]
[EventCategory "13"]
[Source "lmi"]
[SourceDate "2005.08.28"]

1. d4 Nf6 2. Bg5 Ne4 3. Bf4 d5 4. e3 e6 5. Nd2 Bd6 6. Bxd6 Qxd6 7. Ngf3 b6 8.
Nxe4 dxe4 9. Nd2 Bb7 10. Bb5+ Nd7 11. Qg4 O-O 12. Bxd7 Qxd7 13. O-O-O Qa4 14.
Kb1 Bd5 15. c4 Bxc4 16. Nxc4 Qxc4 17. Qxe4 c5 18. Qd3 Qb4 19. Qc3 Qxc3 20. bxc3
Rfd8 21. dxc5 bxc5 22. Kc2 Kf8 23. Rxd8+ Rxd8 24. Rb1 Ke7 25. Rb5 Kd6 26. Ra5
Rd7 27. Ra6+ Kd5 28. f3 Kc4 29. Rc6 h5 30. h4 1/2-1/2

[Event "80. Francia ch"]
[Site "Chartres FRA"]
[Date "2005.08.21"]
[Round "7.6"]
[White "Degraeve, Jean-Marc"]
[Black "Kosten, Anthony C"]
[Result "0-1"]
[WhiteElo "2546"]
[BlackElo "2522"]
[PlyCount "118"]
[EventDate "2005.08.15"]
[EventType "tourn"]
[EventRounds "11"]
[EventCountry "FRA"]
[EventCategory "13"]
[Source "lmi"]
[SourceDate "2005.08.28"]

1. e4 e5 2. Nf3 Nc6 3. Nc3 Nf6 4. g3 d5 5. exd5 Nxd5 6. Bg2 Nxc3 7. bxc3 Bc5 8.
O-O O-O 9. d3 Bg4 10. h3 Bh5 11. Qe1 Re8 12. g4 e4 13. dxe4 Bg6 14. Nd2 h5 15.
Nb3 Bb6 16. c4 hxg4 17. hxg4 Nd4 18. c5 Nxb3 19. cxb3 Bxc5 20. Bb2 Qh4 21. Qc3
Bf8 22. Qxc7 Bxe4 23. Qf4 Re6 24. Be5 Rae8 25. Qg3 Qh7 26. Bf4 Bc5 27. Rac1 Bb6
28. Bc7 Bd3 29. Rfd1 Bc2 30. Rd2 Bxc7 31. Qxc7 Bd3 32. f3 Ba6 33. Rd8 Qh4 34.
Rxe8+ Rxe8 35. Qc2 g6 36. Qb2 Kh7 37. Bf1 Qg3+ 38. Qg2 Qf4 39. Rd1 Bxf1 40.
Rxf1 Rd8 41. Qh2+ Qxh2+ 42. Kxh2 Rd2+ 43. Kg3 Rxa2 44. Re1 Rb2 45. Re3 g5 46.
f4 gxf4+ 47. Kxf4 Kg6 48. Rd3 f6 49. Rc3 b6 50. Rd3 a5 51. Ke4 Re2+ 52. Kf4 Re5
53. Rc3 Rc5 54. Re3 Rb5 55. Rd3 Rb4+ 56. Kg3 Kf7 57. Re3 b5 58. Kf3 a4 59. bxa4
bxa4 0-1

[Event "80. Francia ch"]
[Site "Chartres FRA"]
[Date "2005.08.23"]
[Round "8.2"]
[White "Marzolo, Cyril"]
[Black "Kosten, Anthony C"]
[Result "1-0"]
[WhiteElo "2388"]
[BlackElo "2522"]
[PlyCount "125"]
[EventDate "2005.08.15"]
[EventType "tourn"]
[EventRounds "11"]
[EventCountry "FRA"]
[EventCategory "13"]
[Source "lmi"]
[SourceDate "2005.08.28"]

1. d4 Nf6 2. c4 e6 3. Nc3 Bb4 4. Nf3 b6 5. Bg5 h6 6. Bh4 Bxc3+ 7. bxc3 d6 8.
Nd2 Nbd7 9. e4 e5 10. Bd3 Nf8 11. f3 Ng6 12. Bf2 Nf4 13. Bf1 Qe7 14. g3 Nh3 15.
Be3 O-O 16. Qe2 exd4 17. cxd4 c5 18. d5 Re8 19. Rb1 Rb8 20. Qg2 Qe5 21. Bd3 b5
22. Ke2 b4 23. Nf1 Rb6 24. g4 Nf4+ 25. Bxf4 Qxf4 26. Qg3 Qxg3 27. Nxg3 Ra6 28.
Rb2 Ra3 29. Ra1 g6 30. Rb3 Ra5 31. a3 Ba6 32. Rbb1 bxa3 33. Rb3 a2 34. Rb2 Ra8
35. Rbxa2 Rxa2+ 36. Rxa2 Bc8 37. Ra5 Nd7 38. f4 a6 39. e5 dxe5 40. f5 Rb8 41.
fxg6 Rb2+ 42. Ke3 fxg6 43. Bxg6 Rb3+ 44. Kd2 e4 45. Nxe4 Ne5 46. Rxc5 Bxg4 47.
Nf6+ Kg7 48. Bc2 Rh3 49. Nxg4 Nxg4 50. Rc7+ Kf6 51. Rc6+ Kf7 52. c5 Ne5 53.
Rxa6 Nf3+ 54. Kc1 Rxh2 55. Ra4 Ne5 56. Re4 Kf6 57. c6 Rg2 58. c7 Rg8 59. d6 Nd7
60. Ba4 Nb6 61. d7 Rg1+ 62. Kc2 Rg2+ 63. Kd1 1-0

[Event "80. Francia ch"]
[Site "Chartres FRA"]
[Date "2005.08.23"]
[Round "8.3"]
[White "Fressinet, Laurent"]
[Black "Degraeve, Jean-Marc"]
[Result "1-0"]
[WhiteElo "2627"]
[BlackElo "2546"]
[PlyCount "115"]
[EventDate "2005.08.15"]
[EventType "tourn"]
[EventRounds "11"]
[EventCountry "FRA"]
[EventCategory "13"]
[Source "lmi"]
[SourceDate "2005.08.28"]

1. e4 c5 2. Nf3 d6 3. d4 cxd4 4. Nxd4 Nf6 5. Nc3 a6 6. Be2 e5 7. Nb3 Be7 8. O-O
O-O 9. Kh1 Nc6 10. f4 b5 11. a4 b4 12. Nd5 Nxe4 13. Bf3 f5 14. Nxe7+ Nxe7 15.
fxe5 dxe5 16. Qxd8 Rxd8 17. Bg5 Ra7 18. Bxe4 fxe4 19. Rae1 Rd5 20. Rxe4 a5 21.
Rfe1 Ng6 22. Rc4 Bd7 23. Be3 Ra8 24. Nc5 Be8 25. Ne6 Bf7 26. Ng5 Be8 27. Ne6
Bf7 28. Ng5 Be8 29. b3 Bd7 30. Kg1 h6 31. Ne4 Nf8 32. Bxh6 Rd4 33. Rxd4 exd4
34. Bf4 Rc8 35. Re2 Be6 36. Rd2 d3 37. Rxd3 Bf5 38. Re3 Rxc2 39. Ng5 Rc8 40.
Re5 Bc2 41. Rxa5 Bxb3 42. Bd6 Nh7 43. Nf3 Rc1+ 44. Kf2 Rc2+ 45. Kg3 Ra2 46.
Ra8+ Kf7 47. Ra7+ Kg8 48. a5 Ra4 49. Be5 Nf6 50. Ng5 Bd5 51. Rc7 Ne8 52. Rc8
Bf7 53. Ra8 b3 54. a6 Ra5 55. Kf4 Kf8 56. Bd4 Bd5 57. Rb8 Bxg2 58. Bc3 1-0

[Event "80. Francia ch"]
[Site "Chartres FRA"]
[Date "2005.08.23"]
[Round "8.4"]
[White "Apicella, Manuel"]
[Black "Lautier, Joel"]
[Result "0-1"]
[WhiteElo "2553"]
[BlackElo "2672"]
[PlyCount "90"]
[EventDate "2005.08.15"]
[EventType "tourn"]
[EventRounds "11"]
[EventCountry "FRA"]
[EventCategory "13"]
[Source "lmi"]
[SourceDate "2005.08.28"]

1. d4 Nf6 2. Nf3 c5 3. c3 b6 4. Bf4 g6 5. e3 Bg7 6. Nbd2 O-O 7. Be2 Bb7 8. O-O
d6 9. h3 Nbd7 10. Bh2 Qc7 11. b4 Rfc8 12. Rc1 Bh6 13. Nc4 Bd5 14. Qd2 Qb7 15.
Qb2 Ne4 16. bxc5 dxc5 17. Rfd1 Nef6 18. Qa3 a6 19. Ncd2 c4 20. Qb2 b5 21. a4
Nb6 22. axb5 Na4 23. Qb1 axb5 24. Ne1 Bc6 25. Qc2 Nd5 26. Nb1 Nxe3 27. fxe3
Bxe3+ 28. Kh1 Be4 29. Bf3 Bxc2 30. Nxc2 Qxf3 31. gxf3 Bxc1 32. Rxc1 Ra5 33. Nb4
Nb2 34. Nd2 Nd3 35. Rb1 Nxb4 36. Rxb4 Ra3 37. Rxb5 Rxc3 38. Rb1 Rd3 39. Ne4
Rxf3 40. Kg2 Rd3 41. Bg1 c3 42. Nc5 Rd2+ 43. Kf3 c2 44. Rc1 Ra8 45. Be3 Ra3 0-1

[Event "80. Francia ch"]
[Site "Chartres FRA"]
[Date "2005.08.23"]
[Round "8.5"]
[White "Bagheri, Amir"]
[Black "Vaisser, Anatoly"]
[Result "1/2-1/2"]
[WhiteElo "2537"]
[BlackElo "2576"]
[PlyCount "41"]
[EventDate "2005.08.15"]
[EventType "tourn"]
[EventRounds "11"]
[EventCountry "FRA"]
[EventCategory "13"]
[Source "lmi"]
[SourceDate "2005.08.28"]

1. d4 e6 2. Nf3 Nf6 3. Bf4 c5 4. e3 Be7 5. h3 O-O 6. Nbd2 b6 7. c3 cxd4 8. exd4
Ba6 9. Bxa6 Nxa6 10. a4 Qc8 11. O-O d5 12. Qe2 Qb7 13. Ne5 Nb8 14. Bg5 a6 15.
Ndf3 Nc6 16. Nxc6 Qxc6 17. Ne5 Qb7 18. Nd3 Ne4 19. Bxe7 Qxe7 20. Rfe1 Nd6 21.
a5 1/2-1/2

[Event "80. Francia ch"]
[Site "Chartres FRA"]
[Date "2005.08.23"]
[Round "8.6"]
[White "Bauer, Christian"]
[Black "Sokolov, Andrei"]
[Result "1-0"]
[WhiteElo "2641"]
[BlackElo "2603"]
[PlyCount "89"]
[EventDate "2005.08.15"]
[EventType "tourn"]
[EventRounds "11"]
[EventCountry "FRA"]
[EventCategory "13"]
[Source "lmi"]
[SourceDate "2005.08.28"]

1. c4 e5 2. g3 Nf6 3. Bg2 d5 4. cxd5 Nxd5 5. Nc3 Nb6 6. Nf3 Nc6 7. O-O Be7 8.
a3 O-O 9. b4 Be6 10. Rb1 f6 11. d3 Nd4 12. Nd2 Nd5 13. Bb2 a5 14. bxa5 Rxa5 15.
Nc4 Ra7 16. a4 b6 17. e3 Nxc3 18. Bxc3 Nf5 19. a5 Bc5 20. Bb4 Qe7 21. Bxc5 Qxc5
22. axb6 cxb6 23. Qb3 Rb8 24. Qb5 Qxb5 25. Rxb5 Ra6 26. Rfb1 Bxc4 27. dxc4 Nd6
28. Rd5 Nxc4 29. Rd7 e4 30. Bxe4 Ne5 31. Rc7 Rd8 32. h4 Rd7 33. Rc8+ Kf7 34.
Bxh7 g6 35. Bg8+ Kg7 36. Be6 Rd6 37. Rc7+ Kh6 38. Bg8 Nd7 39. Rb4 Ra1+ 40. Kg2
Rad1 41. Re4 g5 42. Be6 b5 43. hxg5+ fxg5 44. Bf5 R1d5 45. g4 1-0

[Event "80. Francia ch"]
[Site "Chartres FRA"]
[Date "2005.08.24"]
[Round "9.1"]
[White "Degraeve, Jean-Marc"]
[Black "Apicella, Manuel"]
[Result "1/2-1/2"]
[WhiteElo "2546"]
[BlackElo "2553"]
[PlyCount "23"]
[EventDate "2005.08.15"]
[EventType "tourn"]
[EventRounds "11"]
[EventCountry "FRA"]
[EventCategory "13"]
[Source "lmi"]
[SourceDate "2005.08.28"]

1. e4 e6 2. d4 d5 3. exd5 exd5 4. Bf4 Bf5 5. Bd3 Bxd3 6. Qxd3 Bd6 7. Bxd6 Qxd6
8. Nf3 Nd7 9. O-O Ne7 10. Re1 O-O 11. Qa3 Qxa3 12. Nxa3 1/2-1/2

[Event "80. Francia ch"]
[Site "Chartres FRA"]
[Date "2005.08.24"]
[Round "9.2"]
[White "Sokolov, Andrei"]
[Black "Marzolo, Cyril"]
[Result "1-0"]
[WhiteElo "2603"]
[BlackElo "2388"]
[PlyCount "119"]
[EventDate "2005.08.15"]
[EventType "tourn"]
[EventRounds "11"]
[EventCountry "FRA"]
[EventCategory "13"]
[Source "lmi"]
[SourceDate "2005.08.28"]

1. e4 c5 2. Nf3 d6 3. d4 cxd4 4. Nxd4 Nf6 5. Nc3 a6 6. Be3 Ng4 7. Bg5 h6 8. Bh4
g5 9. Bg3 Bg7 10. h3 Ne5 11. Be2 Nbc6 12. Nb3 Ng6 13. O-O Be6 14. Bh5 Bc4 15.
Re1 Bxb3 16. axb3 Be5 17. Bxg6 fxg6 18. Bxe5 Nxe5 19. Qd5 Qd7 20. Na4 Qc6 21.
Qxc6+ bxc6 22. Nb6 Ra7 23. Ra5 Kd8 24. Nc4 Nxc4 25. bxc4 Kd7 26. e5 Rf8 27.
exd6 exd6 28. Ra3 Re8 29. Rxe8 Kxe8 30. Kf1 Rb7 31. b3 Rb6 32. Ke2 c5 33. Kd3
Kd7 34. Ra1 Rc6 35. Ra2 Rb6 36. Ra1 Rc6 37. Ke4 Ke6 38. Ra2 Rb6 39. Ra5 Rc6 40.
Ra4 Rb6 41. Ra1 Rc6 42. f4 gxf4 43. Kxf4 Rb6 44. Ke4 Rc6 45. h4 Rb6 46. g4 Rb8
47. Rxa6 g5 48. hxg5 hxg5 49. Kf3 Rf8+ 50. Kg3 Ke5 51. Ra7 Kd4 52. Rg7 Kc3 53.
Rxg5 Kxc2 54. Rf5 Rb8 55. Rf3 Rxb3 56. Rxb3 Kxb3 57. g5 d5 58. g6 dxc4 59. g7
c3 60. g8=Q+ 1-0

[Event "80. Francia ch"]
[Site "Chartres FRA"]
[Date "2005.08.24"]
[Round "9.3"]
[White "Lautier, Joel"]
[Black "Vachier-Lagrave, Maxime"]
[Result "1/2-1/2"]
[WhiteElo "2672"]
[BlackElo "2527"]
[PlyCount "54"]
[EventDate "2005.08.15"]
[EventType "tourn"]
[EventRounds "11"]
[EventCountry "FRA"]
[EventCategory "13"]
[Source "lmi"]
[SourceDate "2005.08.28"]

1. Nf3 Nf6 2. c4 c5 3. Nc3 Nc6 4. g3 d5 5. d4 cxd4 6. Nxd4 dxc4 7. Nxc6 Qxd1+
8. Nxd1 bxc6 9. Bg2 Nd5 10. Ne3 e6 11. Nxc4 Ba6 12. Na5 Bb4+ 13. Bd2 Bxd2+ 14.
Kxd2 O-O-O 15. Rhc1 Nf4+ 16. Ke1 Nxg2+ 17. Kf1 Rd6 18. Nxc6 Kb7 19. Na5+ Kb8
20. Rd1 Rxd1+ 21. Rxd1 Rc8 22. b4 Bb5 23. Rd2 Ne1 24. Kxe1 Rc1+ 25. Rd1 Rc2 26.
Rd2 Rc1+ 27. Rd1 Rc2 1/2-1/2

[Event "80. Francia ch"]
[Site "Chartres FRA"]
[Date "2005.08.24"]
[Round "9.4"]
[White "Fontaine, Robert"]
[Black "Bagheri, Amir"]
[Result "1-0"]
[WhiteElo "2526"]
[BlackElo "2537"]
[PlyCount "65"]
[EventDate "2005.08.15"]
[EventType "tourn"]
[EventRounds "11"]
[EventCountry "FRA"]
[EventCategory "13"]
[Source "lmi"]
[SourceDate "2005.08.28"]

1. d4 Nf6 2. c4 e6 3. Nc3 Bb4 4. Nf3 b6 5. Bg5 Bb7 6. e3 h6 7. Bh4 g5 8. Bg3
Ne4 9. Qc2 Bxc3+ 10. bxc3 d6 11. Bd3 f5 12. d5 Nd7 13. Bxe4 fxe4 14. Qxe4 Qf6
15. O-O O-O-O 16. Qxe6 Qxe6 17. dxe6 Nc5 18. Nd4 Rde8 19. f3 Nxe6 20. e4 Nc5
21. Rab1 a5 22. Rfd1 Na4 23. Nb5 Re6 24. Re1 h5 25. h3 g4 26. e5 gxf3 27. exd6
f2+ 28. Bxf2 Rg6 29. Rbd1 Rxg2+ 30. Kf1 Rg7 31. Re7 Bg2+ 32. Ke1 Rxe7+ 33. dxe7
1-0